Karışık Ülkeler Bulmacası - Statistics

General Stats
  • This quiz has been taken 202 times
  • The average score is 17 of 30
Answer Stats
İpucu Cevap % Correct
Futbolda topun kaleye sokulmasıyla kazanılan sayı GOL
84%
Anadolu Ajansı (kısaltması) AA
83%
Kırmızı AL
82%
Dünya'nın uydusu AY
82%
Dört tarafı denizlerle çevrili kara parçası ADA
80%
Eski dilde anne ANA
80%
Birleşmiş Milletler (kısaltması) BM
80%
Balıkların vücudunu kaplayan küçük deri parçaları PUL
80%
Eşek değil AT
75%
Manyetik Rezonans (kısaltması) MR
74%
Alınıp satılan her türlü ticaret eşyası MAL
71%
"... küm etmek" noktalı yere gelmesi gereken anlamsız söz KEM
69%
Hikâyeye kıyasla daha uzun ve olaydan ziyade kişi merkezli bir yazı türü ROMAN
61%
ROMANYA
57%
MALTA
53%
Birimi kalori olan enerji türü ISI
52%
ANGOLA
51%
"... kırmak" farkında olmayarak, karşısındakine dokunacak bir söz söylemek ya da davranışta bulunmak. (noktalı yere gelmesi gereken 3 harfli söz) POT
46%
Tanrısal bir güç tarafından gönderildiğine inanılan parlaklık NUR
45%
PALAU
45%
Sinirli, huysuz, zıt AKSİ
44%
MISIR
44%
MEKSİKA
36%
türlü renklerde ve küçük küp biçiminde mermer, taş ya da pişmiş toprak parçalarının yan yana getirilip yapıştırılması yoluyla yapılan resim ya da süsleme işi. MOZAİK
32%
MOZAMBİK
31%
RUANDA
29%
ALMANYA
28%
güç, beceri ya da etki için alışılmışın üstünde olan, gözü kara YAMAN
21%
PORTEKİZ
19%
Kolayca aldatılabilen, aptal, saf kimse KERİZ
18%
No matching quizzes found
Score Distribution
Percent of People with Each Score
Percentile by Number Answered
Your Score History
You have not taken this quiz